000 00849nam a2200265 a 4500
008 951123s1983||||[C 0 slo c
020 _c17 Kčs.
_q(18000 výtl.)
040 _aSNK
_bslo
_cSNK
_eAACR2
041 1 _aslo
_hrus
044 _axo
_cSK
080 _a141.82:162.6
080 _a162.6
080 _a141.82
080 _a301
080 _a165.64
100 1 _aLenin, Vladimir Iľjič
_4aut
245 1 0 _aZobrané spisy. /Zv./ 18
_cVladimir Iľjič Lenin ; Miroslav Neman, Oto Takáč
250 _a2., vyd.
260 _aBratislava
_bPravda
_c1983
_eBratislava
_fPravda
300 _a603 s., 28,96 AH
_c21 cm
500 _aLit. 235. Pozn. Reg. men. a lit. prác a prameňov. Údaje o práci V.I. Lenina. Fak 235 zázn. v slov., angl., nem. a franc.
700 1 _aNeman, Miroslav
_4trl
700 1 _aTakáč, Oto
_4bkd
958 _aA
999 _c15439
_d15439